Представление документа в формате RUSMARC

ПолеНазваниеЗначение
  Тип записи a
  Библиографический уровень m
001 Контрольный номер RU/REG73/CBS_GRAD/1/712805203
005 Дата корректировки 20221122154858.7
010 Индекс ISBN __
a ISBN 5-9555-0589-Х
101 Язык документа __
a Язык текста rus
200 Заглавие и сведения об ответственности __
a Заглавие Застольные и кулинарные традиции
e Сведения, относящиеся к заглавию Энциклопедия
f Первые сведения об ответственности Марина Владимировна Короткова
b Общее обозначение материала Текст
203 Вид содержания и тип средства __
a Вид содержания Текст (визуальный) : непосредственный
210 Выходные данные __
a Место издания Москва
c Издательство Дрофа-Плюс
d Дата издания 2005
215 Физическое описание __
a Объем 288 с.
c Иллюстрации/тип воспроизводства ил.
225 Серия __
a Серия Исторический альбом
686 Индексы других классификаций __
a Классификационный индекс 63.5
700 Автор __
a Фамилия Короткова
g Полное личное имя Марина Владимировна
801 Источник записи _0
a Страна RU
b Организация RuCBSGrad
g Правила каталогизации PSBO
801 Источник записи _1
a Страна RU
b Организация RuCBSGrad
g Правила каталогизации PSBO
901 Тип документа __
t Тип документа m
981 __
b i
2 isbdcontent
g e
982 __
b n
2 isbdmedia
993 __
a 153717
b 48172
e 236253
f ЦГБ
h 107.85
i 236253
m 1
n 44775
o I
x 1
y 6